• 首页
  • 本馆介绍
  • 公告通知
  • 最新文献
  • 馆藏检索
  • 电子资源
  • 读者导购
  • 参考咨询
  • 我的图书馆
  • 登录
  • 详细信息显示
  • 放入我的书架
  • 预约/预借图书
  • 作者相关作品
  • 分类相关作品
  • 丛书相关作品
  • 出版社相关作品

书目信息

  • 表格格式
  • 工作单格式
  • 卡片格式
题名:
高尿酸血症及痛风伍沪生2016观点
    
 
作者: 伍沪生 著
分册:  
出版信息: 北京   科学技术文献出版社  2017.03
页数: 162页, [4] 页图版
开本: 22cm
丛书名: 中国医学临床百家
单 册:
中图分类: R589.7
科图分类:
主题词: 痛风--tong feng--防治
电子资源:
ISBN: 978-7-5189-2378-6
000 01125nam 2200289 450
001 CAL 0120172150635
005 20170418183415.1
010    @a978-7-5189-2378-6@b精装@dCNY78.00
100    @a20170414d2017 em y0chiy50 ea
101 0  @achi
102    @aCN@b110000
105    @aafk a 000yy
106    @ar
200 1  @a高尿酸血症及痛风伍沪生2016观点@Agao niao suan xue zheng ji tong feng wu hu sheng 2016 guan dian@d= Hyperuricemia and gout@f伍沪生著@g@zeng
210    @a北京@c科学技术文献出版社@d2017.03
215    @a162页, [4] 页图版@c图@d22cm
225 2  @a中国医学临床百家@Azhong guo yi xue lin chuang bai jia
320    @a有书目 (第146-158页)
330    @a本书作者结合自己的临床研究, 从发病、诊治和预后方面对痛风这一年中的临床新进展进行了分析和说明, 并对国内外大型会议上的最新报告和最新研究进行了客观分析, 是一本值得阅读的临床参考书。
410  0 @12001 @a中国医学临床百家
510 1  @aHyperuricemia and gout@zeng
606 0  @a痛风@Atong feng@x防治
690    @aR589.7@v5
701  0 @a伍沪生@Awu hu sheng@4著
801  0 @aCN@b人天书店@c20170414@g
905    @aBZT@dR589.7@e5
906    @dCNY78.00@n3@r1
    
    高尿酸血症及痛风伍沪生2016观点= Hyperuricemia and gout/伍沪生著.-北京:科学技术文献出版社,2017.03
    162页, [4] 页图版:图;22cm.-(中国医学临床百家)
    
    
    ISBN 978-7-5189-2378-6(精装):CNY78.00
    本书作者结合自己的临床研究, 从发病、诊治和预后方面对痛风这一年中的临床新进展进行了分析和说明, 并对国内外大型会议上的最新报告和最新研究进行了客观分析, 是一本值得阅读的临床参考书。
●
相关链接 在五车中查询图书 在当当中查询图书 在豆瓣中查询图书


正题名:高尿酸血症及痛风伍沪生2016观点     索取号:R589.7/5         预约/预借

序号 登录号 条形码 馆藏地/架位号 状态 备注
1 838917   2000838917   第二书库/ [索取号:R589.7/5] 在馆    
2 838918   2000838918   第二书库/ [索取号:R589.7/5] 在馆    
3 838919   2000838919   第二书库/ [索取号:R589.7/5] 在馆    
山东省滨州职业学院图书馆 欢迎您!
大连网信软件有限公司© 版权所有